Ellavidha pranayavum(എല്ലാവിധ പ്രണയവും) (Record no. 115258)

MARC details
000 -LEADER
fixed length control field 00449 a2200157 4500
005 - DATE AND TIME OF LATEST TRANSACTION
control field 20260328113923.0
008 - FIXED-LENGTH DATA ELEMENTS--GENERAL INFORMATION
fixed length control field 260313b |||||||| |||| 00| 0 eng d
020 ## - INTERNATIONAL STANDARD BOOK NUMBER
International Standard Book Number 9789364879804
080 ## - UNIVERSAL DECIMAL CLASSIFICATION NUMBER
Universal Decimal Classification number FM
Item number MEE/E
100 ## - MAIN ENTRY--PERSONAL NAME
Personal name Meera,K. R.
245 ## - TITLE STATEMENT
Title Ellavidha pranayavum(എല്ലാവിധ പ്രണയവും)
260 ## - PUBLICATION, DISTRIBUTION, ETC. (IMPRINT)
Name of publisher, distributor, etc D C books.
Place of publication, distribution, etc kottayam.
Date of publication, distribution, etc 2025.
300 ## - PHYSICAL DESCRIPTION
Extent 110p.
653 ## - INDEX TERM--UNCONTROLLED
Uncontrolled term Fiction-Novel-Malayalam-Literature
942 ## - ADDED ENTRY ELEMENTS (KOHA)
item type Books
Holdings
Lost status Source of classification or shelving scheme Not for loan Home library Current library Shelving location Date acquired Cost, normal purchase price Total Checkouts Full call number Barcode Date last seen Cost, replacement price Price effective from Koha item type
  Universal Decimal Classification Not For Loan University Library University Library On Display 27/02/2026 100.01   FM MEE/E 00097337 27/02/2026 150.00 27/02/2026 Books
University Library, CUSAT